Literary Characters (A-Z) Quiz Stats

 Plays Quiz Updated Nov 9, 2013

Support Sporcle.
Go Orange.
Score 0/26 Timer 06:00
11 Plays Today
% Correct
Frodo
93.1%
Mowgli
92.1%
Quasimodo
91.3%
Atticus
88.7%
Katniss
87.2%
Ophelia
85.8%
Ishmael
84.3%
Darcy
83.9%
Heathcliff
80.5%
Veruca
79.6%
Porthos
77.2%
Raskolnikov
74.2%
Langdon
70%
% Correct
Napoleon
69.2%
Joffrey
59.3%
Xenophilius
57.6%
Clarissa
53.1%
Yossarian
51.7%
Santiago
44.9%
Uriah
40.8%
Galt
36%
Benjy
22.2%
Walton
21.8%
Eustacia
19.2%
Tateh
11.8%
Zenobia
11.5%

You're not logged in!

Compare scores with friends on all Sporcle quizzes.
OR
Log In

From the Vault

Bands & Musicians by Song: 'O' and 'Q'

by kfastic

For those who don't like alphabets, you could call them "circle" and "circle with line."
Remove Ads.
Support Sporcle.
Get the best of Sporcle when you Go Orange. This ad-free experience offers more features, more stats, and more fun while also helping to support Sporcle. Thank you for becoming a member.

Show Comments

Extras

Top Quizzes Today


Score Distribution

Your Account Isn't Verified!

In order to create a playlist on Sporcle, you need to verify the email address you used during registration. Go to your Sporcle Settings to finish the process.

Report this User

Report this user for behavior that violates our Community Guidelines.

Details: